| 000 | 00947nam0a22002411 4500 | ||
|---|---|---|---|
| 001 | rc\4626166 | ||
| 005 | 20260407061033.0 | ||
| 035 | _a(NLR Aleph) 008402474 | ||
| 090 |
_a9244718 _c9244718 |
||
| 100 | _a20130416d1962 |||y0rusy50 ca | ||
| 101 | 0 | _arus | |
| 102 | _aRU | ||
| 105 | _ay z ||||| | ||
| 200 | 1 |
_aИнструкция о порядке пользования устройствами электрической централизации ст. Невинномысская Северо-Кавказской железной дороги _e[Утв. 10/I 1961 г.] |
|
| 210 |
_aПятигорск _cБ. и. _d1962] |
||
| 215 |
_a28 с. _d19 |
||
| 333 | _aДля служебного пользования | ||
| 710 | 0 | 2 |
_aСеверо-Кавказская железная дорога _9554478 _3RU\NLR\AUTH\8810027987 |
| 801 | 0 |
_aRU _bNLR _gpsbo |
|
| 801 | 1 |
_aRU _bELAR _2rusmarc |
|
| 852 |
_aNLR _j62-4/6464 |
||
| 942 | _cBOOK | ||
| 980 | _aNB | ||